[Event "IECG QE.2002.0.00021"]
[Site "IECG email"]
[Date "2002.06.07"]
[Round "?"]
[White "Bidgood, Lee"]
[Black "Cauthon, Darren"]
[Result "1/2-1/2"]
[WhiteElo "1396"]
[BlackElo "1250"]
[PlyCount "115"]
[EventDate "2002.06.07"]
[EventType "tourn (corr)"]
[EventRounds "6"]
[SourceTitle "Corr 2008"]
[Source "ChessBase"]
[SourceDate "2008.06.24"]
[SourceVersion "1"]
[SourceVersionDate "2008.06.24"]
[SourceQuality "1"]

1. e4 e5 2. f4 d5 3. Nc3 d4 4. Nce2 Bg4 5. fxe5 Nc6 6. d3 Nxe5 7. h3 Bb4+ 8. Bd2 Qh4+ 9. g3 Bxe2 10. Nxe2 Bxd2+ 11. Qxd2 Nf3+ 12. Kf2 Nxd2 13. gxh4 Nxf1 14. Raxf1 Rd8 15. Rhg1 g6 16. Rg5 b6 17. h5 c5 18. hxg6 hxg6 19. Kg2 Ne7 20. Nf4 Kd7 21. Nd5 Nxd5 22. Rxd5+ Ke6 23. Rg5 Rh5 24. Rxh5 gxh5 25. Rf5 Rh8 26. Kf3 a5 27. a4 Rh6 28. b3 h4 29. Kg4 Rg6+ 30. Rg5 Rf6 31. Rg8 Rf2 32. Re8+ Kd7 33. Rf8 Ke7 34. Rb8 Rxc2 35. Rb7+ Kf8 36. Rxb6 Rc3 37. Rb5 Rxd3 38. Rxc5 Rxb3 39. Rxa5 Re3 40. Kxh4 Rxe4+ 41. Kg3 Re3+ 42. Kf4 Rxh3 43. Rd5 Kg7 44. Ke4 d3 45. a5 d2 46. Rxd2 Ra3 47. Rd5 Kg6 48. Kf4 Ra4+ 49. Ke3 f5 50. Rd6+ Kg5 51. a6 f4+ 52. Kd3 Kg4 53. Rf6 Kf3 54. Kd2 Kg2 55. Rg6+ Kf2 56. Rf6 f3 57. Kd3 Kg2 58. Rg6+ 1/2-1/2

[Event "IECG QE.2002.0.00021"]
[Site "IECG email"]
[Date "2002.06.07"]
[Round "?"]
[White "Cauthon, Darren"]
[Black "Bidgood, Lee"]
[Result "1/2-1/2"]
[WhiteElo "1250"]
[BlackElo "1396"]
[PlyCount "114"]
[EventDate "2002.06.07"]
[EventType "tourn (corr)"]
[EventRounds "6"]
[SourceTitle "Corr 2008"]
[Source "ChessBase"]
[SourceDate "2008.06.24"]
[SourceVersion "1"]
[SourceVersionDate "2008.06.24"]
[SourceQuality "1"]

1. d4 d5 2. Nc3 Nf6 3. Bg5 Nfd7 4. Nxd5 Nc6 5. e4 Nf6 6. Bxf6 exf6 7. Bb5 Bd7 8. c3 Bd6 9. Ne2 0-0 10. 0-0 Re8 11. f3 f5 12. Bd3 fxe4 13. fxe4 Qg5 14. e5 Nxe5 15. dxe5 Rxe5 16. Ndf4 Rae8 17. Qc2 Qh6 18. Nd4 g5 19. Nh3 Bxh3 20. gxh3 Qxh3 21. Bf5 g4 22. Qg2 Qxg2+ 23. Kxg2 c5 24. Nb5 Re2+ 25. Rf2 Rxf2+ 26. Kxf2 Bxh2 27. Bxg4 Rd8 28. Ke2 a6 29. Na3 b5 30. Rd1 Rxd1 31. Kxd1 Bc7 32. b4 Bd6 33. Nc2 cxb4 34. cxb4 Bc7 35. Nd4 Kg7 36. Bc8 a5 37. bxa5 Bxa5 38. Nxb5 Bb6 39. Nd6 h5 40. Nf5+ Kf6 41. Ke2 Kg5 42. Kf3 Ba5 43. Kg3 Be1+ 44. Kh3 Ba5 45. Nd6 Kg6 46. Nc4 Bc3 47. a4 f5 48. a5 Bd4 49. a6 f4 50. Ne5+ Kf6 51. Nc6 Bc5 52. a7 Bxa7 53. Nxa7 Ke5 54. Kg2 Ke4 55. Kf2 h4 56. Bh3 f3 57. Bg4 Kf4 1/2-1/2

[Event "IECG QE.2002.0.00021"]
[Site "IECG email"]
[Date "2002.06.07"]
[Round "?"]
[White "Cauthon, Darren"]
[Black "Redhead, Yru"]
[Result "1/2-1/2"]
[WhiteElo "1250"]
[BlackElo "1250"]
[PlyCount "72"]
[EventDate "2002.06.07"]
[EventType "tourn (corr)"]
[EventRounds "6"]
[SourceTitle "Corr 2024"]
[Source "ChessBase"]
[SourceDate "2023.10.19"]
[SourceVersion "1"]
[SourceVersionDate "2023.10.19"]
[SourceQuality "1"]

1. e4 b6 2. d4 Bb7 3. Nc3 a6 4. Nf3 d5 5. Nxd5 Bxd5 6. exd5 Nf6 7. c4 g6 8. Be2 b5 9. cxb5 Bg7 10. 0-0 Nxd5 11. bxa6 0-0 12. Be3 Nxa6 13. a3 c5 14. Rc1 Qb6 15. dxc5 Qxb2 16. Qxd5 Qxe2 17. Rfe1 Qb2 18. Bd4 Bxd4 19. Qxd4 Qxa3 20. Rc3 Qb2 21. Rxe7 Nc7 22. Rd3 Qxd4 23. Rxd4 Ne6 24. Rd1 Nxc5 25. g3 Rfe8 26. Rxe8+ Rxe8 27. Re1 Rxe1+ 28. Nxe1 Kg7 29. f4 Kf6 30. Kg2 Kf5 31. Kf3 h5 32. Nc2 Nb3 33. Ne3+ Kf6 34. Ke4 Nd2+ 35. Kd3 Nf3 36. h3 Ng1 1/2-1/2